000
00217nam a22000857a 4500
008
160803b xxu||||| |||| 00| 0 eng d
100
_9
5
_a
Dahl R
245
_a
Danny the Champion of the world
260
_a
USA
_b
Jonathan
_c
1994
999
_c
2655
_d
2655